JO Tokyo 2020: les 206 délégations - Statistiques

Statistiques générales
  • Ce quiz a été pris 128 fois
  • Le résultat moyen est 161 sur 205
Statistiques - réponses
Réponse % Correct
Etats-Unis
97%
Canada
96%
France
96%
Australie
94%
Algérie
93%
Japon
93%
Allemagne
92%
Brésil
92%
Corée du Sud
92%
Grande-Bretagne
92%
Mexique
92%
Russie (Comité Olympique Russe)
92%
Chine
91%
Espagne
91%
Irlande
91%
Norvège
91%
Nouvelle-Zélande
91%
Afrique du Sud
90%
Albanie
90%
Finlande
90%
Maroc
90%
Suède
90%
Andorre
89%
Argentine
89%
Danemark
89%
Turquie
89%
Venezuela
89%
Arménie
88%
Chili
88%
Egypte
88%
Inde
88%
Israël
88%
Pakistan
88%
Belgique
87%
Estonie
87%
Lettonie
87%
Lituanie
87%
Ouzbékistan
87%
Pays-Bas
87%
RD Congo
87%
République du Congo
87%
Slovénie
87%
Uruguay
87%
Afghanistan
86%
Arabie Saoudite
86%
Biélorussie
86%
Cuba
86%
Grèce
86%
Luxembourg
86%
Pérou
86%
Portugal
86%
Slovaquie
86%
Turkménistan
86%
Ukraine
86%
Angola
85%
Bulgarie
85%
Chypre
85%
Iran
85%
Islande
85%
Jamaïque
85%
Monaco
85%
Suisse
85%
Tunisie
85%
Autriche
84%
Colombie
84%
Equateur
84%
Fidji
84%
Hongrie
84%
Irak
84%
Paraguay
84%
Qatar
84%
Roumanie
84%
Bolivie
83%
Indonésie
83%
Italie
83%
Kazakhstan
83%
Libye
83%
Malte
83%
République Tchèque
83%
Sénégal
83%
Serbie
83%
Viêt Nam
83%
Yémen
83%
Cambodge
82%
Cameroun
82%
Croatie
82%
Guinée
82%
Kenya
82%
Mali
82%
Niger
82%
Pologne
82%
Azerbaïdjan
81%
Birmanie
81%
Bosnie-Herzégovine
81%
Ghana
81%
Haïti
81%
Laos
81%
Mauritanie
81%
Nigeria
81%
Syrie
81%
Zimbabwe
81%
Côte d'Ivoire
80%
Ethiopie
80%
Jordanie
80%
Madagascar
80%
Saint-Marin
80%
Soudan
80%
Zambie
80%
Costa Rica
79%
Erythrée
79%
Guyana
79%
Namibie
79%
Panama
79%
Tonga
79%
Bahreïn
78%
Emirats Arabes Unis
78%
Géorgie
78%
Kosovo
78%
Macédoine du Nord
78%
Moldavie
78%
Monténégro
78%
Somalie
78%
Suriname
78%
Taipei Chinois (Taïwan)
78%
Bahamas
77%
Bangladesh
77%
Djibouti
77%
Guinée-Bissau
77%
Honduras
77%
Koweït
77%
Liechtenstein
77%
Népal
77%
Oman
77%
Philippines
77%
Tchad
77%
Bénin
76%
Cap-Vert
76%
Gambie
76%
Guinée Equatoriale
76%
Mongolie
76%
Singapour
76%
Thaïlande
76%
Bhoutan
75%
Botswana
75%
Eswatini
75%
Gabon
75%
Lesotho
75%
Liban
75%
République Dominicaine
75%
Rwanda
75%
Samoa
75%
Soudan du Sud
75%
Tanzanie
75%
Togo
75%
Belize
74%
Malaisie
74%
Nicaragua
74%
République Centrafricaine
74%
Kirghizistan
73%
Sri Lanka
73%
Tadjikistan
73%
Antigua-et-Barbuda
72%
Barbade
72%
Brunei
72%
Burkina Faso
72%
Guatemala
72%
Iles Marshall
72%
Kiribati
72%
Liberia
72%
Mozambique
72%
Ouganda
72%
Sainte-Lucie
72%
Saint-Vincent-et-les-Grenadines
72%
Burundi
71%
Saint-Christophe-et-Niévès
71%
Seychelles
71%
Sierra Leone
71%
Trinité-et-Tobago
71%
Comores
70%
Palaos
70%
Papouasie-Nouvelle-Guinée
70%
Vanuatu
70%
Dominique
69%
Iles Salomon
69%
Maldives
69%
Maurice
69%
Grenade
68%
Micronésie
68%
Nauru
68%
Salvador
68%
Tuvalu
68%
Sao Tomé-et-Principe
63%
Malawi
62%
Palestine
60%
Timor Oriental
59%
Porto Rico
48%
Hong Kong
45%
Iles Vierges Américaines
40%
Ile Vierges Britanniques
40%
Aruba
34%
Guam
34%
Iles Cook
33%
Bermudes
31%
Samoa Américaines
25%
Iles Caïmans
20%
Aucun quiz correspondant
Distribution des résultats
% des personnes avec chaque résultat
Percentile par nombre de réponses
Votre historique - résultats
Vous n’avez pas pris ce quiz